|
|
|
|
| LEADER |
00690 a2200193 4500 |
| 005 |
20151026133304.0 |
| 008 |
141126b xxu||||| |||| 00| 0 eng d |
| 020 |
|
|
|a 9781118004371
|
| 080 |
|
|
|a 658.168.5
|b WHI
|
| 100 |
|
|
|a Whitaker, Scott C
|
| 245 |
|
|
|a Mergers & acquisitions integration handbook
|b helping companies realize the full value of acquisitions
|
| 260 |
|
|
|c 2012
|b John Wiley & Sons
|a New Jersey
|
| 300 |
|
|
|a xi, 173p.
|
| 653 |
|
|
|a Synergy program management
|
| 653 |
|
|
|a Talent assessment
|
| 653 |
|
|
|a Cultural integration
|
| 942 |
|
|
|c BK
|6 _
|
| 999 |
|
|
|c 67313
|d 67313
|
| 952 |
|
|
|0 0
|1 0
|2 udc
|4 0
|6 6581685_WHI
|7 0
|9 79551
|a UL
|b UL
|d 2014-03-17
|o 658.168.5 WHI
|p 00071781
|r 2014-03-17
|w 2014-03-17
|y BK
|